شعر ابن أبي الخصال : (رقم التسجيلة. 56848)
[ عرض عادي ]
| 000 -LEADER | |
|---|---|
| fixed length control field | 02343cam a2200325 a 4500 |
| 003 - CONTROL NUMBER IDENTIFIER | |
| control field | EG-GiCUC |
| 005 - DATE AND TIME OF LATEST TRANSACTION | |
| control field | 20250223031520.0 |
| 008 - FIXED-LENGTH DATA ELEMENTS--GENERAL INFORMATION | |
| fixed length control field | 160608s2016 ua f m 000 0 ara d |
| 040 ## - CATALOGING SOURCE | |
| Original cataloging agency | EG-GiCUC |
| Language of cataloging | ara |
| Transcribing agency | EG-GiCUC |
| 041 0# - LANGUAGE CODE | |
| Language code of text/sound track or separate title | ara |
| 049 ## - LOCAL HOLDINGS (OCLC) | |
| Holding library | ايداع |
| 097 ## - Thesis Degree | |
| Thesis Level | ماجستير |
| 099 ## - LOCAL FREE-TEXT CALL NUMBER (OCLC) | |
| Classification number | Cai01.06.03.M.Sc.2016.مح.ش |
| 100 0# - MAIN ENTRY--PERSONAL NAME | |
| Personal name | محمود علي عبدالحليم مصطفى |
| 245 10 - TITLE STATEMENT | |
| Title | شعر ابن أبي الخصال : |
| Remainder of title | جمع و تحقيق و دراسة / |
| Statement of responsibility, etc. | محمود علي عبدالحليم مصطفى ؛ إشراف عبدالرحمن حسن عبدالرحمن الشناوي |
| 246 15 - VARYING FORM OF TITLE | |
| Title proper/short title | Poetry of ibn abi al khesal : |
| Remainder of title | Collect and study |
| 260 ## - PUBLICATION, DISTRIBUTION, ETC. | |
| Place of publication, distribution, etc. | القاهرة : |
| Name of publisher, distributor, etc. | محمود علي عبدالحليم مصطفى : |
| Date of publication, distribution, etc. | 2016 |
| 300 ## - PHYSICAL DESCRIPTION | |
| Extent | 475 ورقة ؛ |
| Dimensions | 30سم |
| 502 ## - DISSERTATION NOTE | |
| Dissertation note | اطروحة (ماجستير) - جامعة القاهرة - كلية دار العلوم - قسم الدراسات الأدبية |
| 520 ## - SUMMARY, ETC. | |
| Summary, etc. | جاء هذا البحث بعنوان/ شعر ابن أبي الخصال: جمع وتحقيق ودراسة: وقد قسمته إلى قسمين؛ القسم الأول : تناولت فيه شعر ابن أبي الخصال بالدراسة في ضوء المنهج الفني: وقسمته إلى أربعة فصول: الفصل الأول تكلمت فيه عن الظواهر الموضوعية في شعره: والفصل الثاني تناولت فيه الصورة الفنية: والفصل الثالث تحدثت عن الظواهر اللغوية والأسلوبية: والفصل الرابع جاء بعنوان الموسيقا في شعر ابن أبي الخصال. أما القسم الثاني وهو ما خصصته لشعر ابن أبي الخصال جمعاً وتحقيقاً؛ وذلك من خلال منهجاً علمياً متبعاً في جمع الشعر وتحقيقه: وعززت الشعر بمجموعة من الفهارس الفنية المختلفة |
| 530 ## - ADDITIONAL PHYSICAL FORM AVAILABLE NOTE | |
| Additional physical form available note | صدر ايضا كقرص مدمج |
| 653 #4 - INDEX TERM--UNCONTROLLED | |
| Uncontrolled term | ابن أبي الخصال |
| 653 #4 - INDEX TERM--UNCONTROLLED | |
| Uncontrolled term | الدراسات الأدبية |
| 653 #4 - INDEX TERM--UNCONTROLLED | |
| Uncontrolled term | الشعر |
| 700 0# - ADDED ENTRY--PERSONAL NAME | |
| Personal name | عبدالرحمن حسن عبدالرحمن الشناوي : |
| Relator term | |
| 856 ## - ELECTRONIC LOCATION AND ACCESS | |
| Uniform Resource Identifier | <a href="http://172.23.153.220/th.pdf">http://172.23.153.220/th.pdf</a> |
| 905 ## - LOCAL DATA ELEMENT E, LDE (RLIN) | |
| Cataloger | Enas |
| Reviser | Cataloger |
| 905 ## - LOCAL DATA ELEMENT E, LDE (RLIN) | |
| Cataloger | Nazla |
| Reviser | Revisor |
| 942 ## - ADDED ENTRY ELEMENTS (KOHA) | |
| Source of classification or shelving scheme | Dewey Decimal Classification |
| Koha item type | Thesis |
| Source of classification or shelving scheme | Not for loan | Home library | Current library | Date acquired | Full call number | Barcode | Date last seen | Koha item type | Copy number |
|---|---|---|---|---|---|---|---|---|---|
| Dewey Decimal Classification | المكتبة المركزبة الجديدة - جامعة القاهرة | قاعة الرسائل الجامعية - الدور الاول | 11.02.2024 | Cai01.06.03.M.Sc.2016.مح.ش | 01010100021993000 | 22.09.2023 | Thesis | ||
| Dewey Decimal Classification | المكتبة المركزبة الجديدة - جامعة القاهرة | مخـــزن الرســائل الجـــامعية - البدروم | 11.02.2024 | Cai01.06.03.M.Sc.2016.مح.ش | 01020100021993000 | 22.09.2023 | CD - Rom | 21993.CD |